Loading...
| History - World | 0 | 8 | 0 | 1 | 80 | 46 | 66.25 | 2 | 5 | 36.02 | 55.59 |
| Mythology | 0 | 8 | 1 | 0 | 75 | 18 | 70.63 | 0 | 5 | 31.99 | 48.95 |
| History - Other | 0 | 6 | 0 | 1 | 60 | 37 | 79.50 | 1 | 4 | 20.33 | 39.98 |
| Religion | 0 | 6 | 0 | 1 | 60 | 54 | 95.17 | 0 | 3 | 13.59 | 36.01 |
| Literature - World | 0 | 6 | 1 | 0 | 55 | 77 | 88.17 | 0 | 4 | 20.16 | 42.19 |
| Fine Arts - Classical Music | 0 | 5 | 0 | 3 | 50 | 94 | 104.20 | 0 | 0 | 7.20 | 21.74 |
| Science - Physics | 0 | 5 | 0 | 2 | 50 | 67 | 95.40 | 0 | 0 | 9.31 | 24.42 |
| Science - Chemistry | 0 | 5 | 1 | 1 | 45 | 75 | 98.40 | 0 | 0 | 5.07 | 17.42 |
| Science - Biology | 0 | 4 | 0 | 2 | 40 | 100 | 109.50 | 0 | 0 | 0.33 | 9.91 |
| Fine Arts - Painting and Sculpture | 0 | 4 | 0 | 0 | 40 | 74 | 93.00 | 0 | 1 | 10.19 | 24.18 |
| Social Science | 0 | 4 | 0 | 2 | 40 | 49 | 81.75 | 1 | 2 | 8.95 | 18.94 |
| Fine Arts - Other | 0 | 3 | 0 | 0 | 30 | 96 | 112.67 | 1 | 1 | 4.16 | 14.63 |
| Literature - American | 0 | 3 | 0 | 0 | 30 | 102 | 112.67 | 0 | 1 | 5.65 | 15.15 |
| Literature - European | 0 | 4 | 2 | 0 | 30 | 60 | 80.00 | 0 | 3 | 16.06 | 28.90 |
| History - American | 0 | 3 | 0 | 0 | 30 | 78 | 89.33 | 1 | 3 | 8.02 | 23.66 |
| History - European | 0 | 2 | 0 | 0 | 20 | 50 | 62.50 | 0 | 2 | 9.58 | 14.51 |
| Literature - British | 0 | 2 | 0 | 1 | 20 | 128 | 135.00 | 0 | 0 | 1.44 | 11.36 |
| Science - Other | 0 | 3 | 2 | 1 | 20 | 91 | 109.00 | 0 | 0 | 2.37 | 9.09 |
| Philosophy | 0 | 1 | 0 | 1 | 10 | 115 | 115.00 | 0 | 0 | 0.08 | 2.27 |
| Other Academic | 0 | 1 | 0 | 0 | 10 | 69 | 69.00 | 0 | 1 | 20.76 | 46.15 |